Biblioteca y Centro de Documentación

How foundations exercise power (Registro nro. 46570)

Detalles MARC
000 -CABECERA
Longitud fija campo de control 01074naa a2200277 c 4500
001 - NÚMERO DE CONTROL
Número de control 46570
003 - IDENTIFICADOR DE NÚMERO DE CONTROL
Identificador del número de control ES-MaCES
005 - FECHA Y HORA DE LA ÚLTIMA TRANSACCIÓN
Fecha y hora de la última transacción 20151020125053.0
008 - CAMPO FIJO DE DESCRIPCIÓN FIJA--INFORMACIÓN GENERAL
Códigos de información de longitud fija   151020s2015 us ||||| t||||||| ||eng d
040 ## - FUENTE DE CATALOGACIÓN
Centro catalogador de origen ES-MaCES
Lengua de catalogación spa
Centro transcriptor ES-MaCES
Centro modificado ES-MaCES
100 1# - ENCABEZAMIENTO PRINCIPAL--NOMBRE PERSONAL
9 (RLIN) 36128
Nombre de persona Roelofs, Joan
245 10 - MENCIÓN DE TÍTULO
Título How foundations exercise power
Mención de responsabilidad, etc. Joan Roelofs
500 ## - NOTA GENERAL
Nota general Resumen
504 ## - NOTA DE BIBLIOGRAFÍA, ETC.
Nota de bibliografía, etc. Bibliografía: p. 673-675
650 #4 - ASIENTO SECUNDARIO DE MATERIA--TÉRMINO DE MATERIA
9 (RLIN) 30815
Término de materia o nombre geográfico como elemento inicial fundaciones
650 #4 - ASIENTO SECUNDARIO DE MATERIA--TÉRMINO DE MATERIA
9 (RLIN) 27312
Término de materia o nombre geográfico como elemento inicial organización sin fines de lucro
650 #4 - ASIENTO SECUNDARIO DE MATERIA--TÉRMINO DE MATERIA
9 (RLIN) 26702
Término de materia o nombre geográfico como elemento inicial organización no gubernamental
650 #4 - ASIENTO SECUNDARIO DE MATERIA--TÉRMINO DE MATERIA
9 (RLIN) 27200
Término de materia o nombre geográfico como elemento inicial poder político
650 #4 - ASIENTO SECUNDARIO DE MATERIA--TÉRMINO DE MATERIA
9 (RLIN) 27269
Término de materia o nombre geográfico como elemento inicial sociedad
650 #4 - ASIENTO SECUNDARIO DE MATERIA--TÉRMINO DE MATERIA
9 (RLIN) 29234
Término de materia o nombre geográfico como elemento inicial desarrollo económico y social
650 #4 - ASIENTO SECUNDARIO DE MATERIA--TÉRMINO DE MATERIA
9 (RLIN) 30379
Término de materia o nombre geográfico como elemento inicial economía social
653 10 - TÉRMINO DE INDEXACIÓN--NO CONTROLADO
Término no controlado Ciencias Sociales-Políticas
773 0# - ENTRADA DE DOCUMENTO FUENTE
Itemnumber del ítem fuente 83516
Lugar, editor y fecha de publicación New York (East 72 Street, 41, NY 10021) American Journal of Economics and Sociology
Otro identificador del documento 086416
Título The American journal of Economics and Sociology
Número de control del registro relacionado (ES-MaCES)25221
Parte(s) relacionada(s) vol. 74, no. 4 (Sept. 2015) {10205 R. 086416} ;p. 654-675
902 ## - CES. TIPO DE DOCUMENTO
Tipodoc (006$c Sirtex) ART Artículo de revista
942 ## - ELEMENTOS KOHA
Fuente de clasificaión o esquema Clasificación propia del CES
Koha [por defecto] tipo de item Artículos (1982-2017)
Parte de clasificación Ciencias Sociales Politicas Empresariale

No hay ítems disponibles.

© CES, Consejo Económico y Social de España 2021